| 000 | 00693nam a2200229Ia 4500 | ||
|---|---|---|---|
| 001 | 336 | ||
| 003 | GE_BSU | ||
| 008 | 181216s||||||||xx |||||||||||||| ||und|| | ||
| 020 | _a9789941401558 | ||
| 040 | _cGE_BSU | ||
| 080 | _a94(33) | ||
| 100 | _aგორდეზიანი, ლევან | ||
| 245 | _aძველი ისტორიის ნარკვევები | ||
| 245 | _cრედ. ტატიშვილი ირინე | ||
| 260 | _aთბილისი | ||
| 260 | _bლოგოსი | ||
| 260 | _c2009 | ||
| 300 | _a415გვ. | ||
| 541 | _h18ლ. | ||
| 653 | _aძველი ისტორიის ნარკვევები | ||
| 942 | _cBK | ||
| 999 |
_c34575 _d34575 |
||